| 000 | 00551nam a22001937a 4500 | ||
|---|---|---|---|
| 003 | OSt | ||
| 005 | 20140310182955.0 | ||
| 008 | 130207t xxu||||| |||| 00| 0 eng d | ||
| 020 | _a9710871056 | ||
| 050 |
_aHG173 _b.Al66 2010 |
||
| 100 | _aAlminar-Mutya, Ruby F. | ||
| 245 |
_aBasic business finance : _cRuby F. Alminar-Mutya _bmanagement approach / |
||
| 260 |
_aMandaluyong City : _bNational Book Store, _c2010. |
||
| 300 |
_a272 p. : _c 21 cm. |
||
| 521 | _aBSBA | ||
| 650 | _a. Business finance | ||
| 942 |
_2lcc _cBK _kLOC |
||
| 999 |
_c17991 _d17991 |
||